LDR 00632naa#a2200169#i#450# 001 EN\FGKOU VO SPBU MVD ROSSII\bibl\103770 005 20260701100914.3 011 ## _a2071-8284 100 ## _a20260630b2026####ek#y0engy0150####ca 101 0# _aRUS 102 ## _aRU 200 1# _aThe development of the legal framework for China’s migration policy from the late 1970s to the early 2020s _eJournal article 210 1# _aSt. Petersburg _cSAINT-PETERSBURG UNIVERSITY OF THE MINISTRY OF INTERNAL AFFAIRS OF THE RUSSIAN FEDERATION _d2026 215 ## _a10 с. 608 ## _aJournal article _2local 700 #1 _aKobets _gPeter Nikolaevich 856 4# _avestnikspbmvd.ru _u